[Event "RN-2014-0-00901"]
[Site "LSS email"]
[Date "2014.12.30"]
[Round "?"]
[White "Ulas, Mert"]
[Black "Lenz, Juergen"]
[Result "0-1"]
[WhiteElo "699"]
[BlackElo "905"]
[PlyCount "35"]
[EventDate "2014.12.25"]
[EventType "tourn (corr)"]
[EventRounds "6"]
[EventCountry "GER"]
[SourceTitle "Corr 2015"]
[Source "ChessBase"]
[SourceDate "2015.07.17"]
[SourceVersion "1"]
[SourceVersionDate "2015.07.17"]
[SourceQuality "1"]

1. d4 c5 2. d5 Nf6 3. c4 Ne4 4. Qc2 Qa5+ 5. Bd2 Nxd2 6. Nxd2 g6 7. e4 Bg7 8. f4 d6 9. Ngf3 Na6 10. a3 Bd7 11. Rb1 0-0 12. Bd3 b5 13. 0-0 bxc4 14. Qxc4 Nc7 15. Nb3 Qb6 16. Kh1 Bb5 17. Qc2 a6 18. Nbd2 0-1

[Event "RN-2014-0-00889"]
[Site "LSS email"]
[Date "2014.12.10"]
[Round "?"]
[White "Ulas, Mert"]
[Black "Hughes, Peter James"]
[Result "0-1"]
[WhiteElo "800"]
[BlackElo "668"]
[PlyCount "43"]
[EventDate "2014.12.01"]
[EventType "tourn (corr)"]
[EventRounds "6"]
[EventCountry "GER"]
[SourceTitle "Corr 2022"]
[Source "ChessBase"]
[SourceDate "2021.10.24"]
[SourceVersion "1"]
[SourceVersionDate "2021.10.24"]
[SourceQuality "1"]

1. e4 e5 2. Nc3 Bc5 3. Bc4 Nf6 4. f4 0-0 5. d3 d6 6. Nf3 Nc6 7. Na4 Bb4+ 8. Bd2 a6 9. Nc3 Bc5 10. Qe2 b5 11. Bb3 Ng4 12. h3 Nf6 13. g4 h6 14. f5 Nh7 15. h4 Nd4 16. Nxd4 Bxd4 17. 0-0-0 c5 18. Nd5 a5 19. a4 bxa4 20. Bxa4 Rb8 21. c3 Bd7 22. Bxd7 0-1

[Event "OP-2014-0-03580"]
[Site "LSS email"]
[Date "2014.12.08"]
[Round "?"]
[White "Ulas, Mert"]
[Black "Firnhaber, Ingo"]
[Result "0-1"]
[WhiteElo "699"]
[BlackElo "2414"]
[PlyCount "52"]
[EventDate "2014.12.04"]
[EventType "tourn (corr)"]
[EventRounds "4"]
[EventCountry "GER"]
[SourceTitle "Corr 2015"]
[Source "ChessBase"]
[SourceDate "2015.07.17"]
[SourceVersion "1"]
[SourceVersionDate "2015.07.17"]
[SourceQuality "1"]

1. e4 e5 2. Nf3 Nc6 3. Bc4 Bc5 4. d4 Bxd4 5. Nxd4 Nxd4 6. 0-0 d6 7. c3 Ne6 8. Nd2 Nf6 9. Qc2 0-0 10. Nf3 Nc5 11. Bd3 a5 12. Be3 Nxd3 13. Qxd3 b6 14. Rfd1 Bg4 15. Bg5 h6 16. Bxf6 Qxf6 17. h3 Bxf3 18. Qxf3 Qxf3 19. gxf3 f5 20. Kg2 Rf6 21. Kf1 fxe4 22. fxe4 Rf4 23. Re1 Raf8 24. Re2 Rf3 25. Rd1 Rxh3 26. Kg2 Rhf3 0-1

[Event "OP-2014-0-03579"]
[Site "LSS email"]
[Date "2014.12.07"]
[Round "?"]
[White "Ulas, Mert"]
[Black "Gazen, Louis"]
[Result "0-1"]
[WhiteElo "699"]
[BlackElo "1830"]
[PlyCount "26"]
[EventDate "2014.12.03"]
[EventType "tourn (corr)"]
[EventRounds "4"]
[EventCountry "GER"]
[SourceTitle "Corr 2015"]
[Source "ChessBase"]
[SourceDate "2015.07.17"]
[SourceVersion "1"]
[SourceVersionDate "2015.07.17"]
[SourceQuality "1"]

1. d4 e6 2. c4 Nf6 3. Nf3 d5 4. Nc3 Bb4 5. Qb3 c5 6. cxd5 exd5 7. Bg5 cxd4 8. Nxd4 Nc6 9. Nxc6 Bxc3+ 10. Qxc3 bxc6 11. Qxc6+ Bd7 12. Qd6 Qa5+ 13. Bd2 Qxd2+ 0-1

[Event "ZN-2014-0-02884"]
[Site "LSS email"]
[Date "2014.11.24"]
[Round "?"]
[White "Nejdek, Petr"]
[Black "Ulas, Mert"]
[Result "0-1"]
[WhiteElo "505"]
[BlackElo "674"]
[PlyCount "40"]
[EventDate "2014.11.22"]
[EventType "match (corr)"]
[EventRounds "2"]
[EventCountry "GER"]
[SourceTitle "Corr 2015"]
[Source "ChessBase"]
[SourceDate "2015.07.17"]
[SourceVersion "1"]
[SourceVersionDate "2015.07.17"]
[SourceQuality "1"]

1. e4 e5 2. Nf3 Nc6 3. Bb5 f5 4. Bxc6 dxc6 5. exf5 Bxf5 6. 0-0 Bd6 7. d3 h6 8. Nh4 Qxh4 9. g3 Qf6 10. Nc3 Ne7 11. Ne4 Qf7 12. f4 Qg6 13. Nxd6+ cxd6 14. Re1 e4 15. dxe4 Bxe4 16. c3 0-0-0 17. Qd4 d5 18. Qxa7 Qg4 19. Qf2 Rhf8 20. Qf1 g5 0-1